| 000 | 01219nam a22003617a 4500 | ||
|---|---|---|---|
| 003 | CHAP | ||
| 005 | 20220329134006.0 | ||
| 008 | 971013s1994 r 00010 d | ||
| 010 | _a13716 | ||
| 011 | _a14688 | ||
| 035 | _a18762 | ||
| 040 | _cCHAP | ||
| 090 | _aTesis | ||
| 100 | 0 | 0 |
_aCortez Romero, César. _928305 |
| 245 | _aInteracción genotipo por ambiente en bovinos lecheros | ||
| 260 |
_aChapingo, Méx. : _bEl autor, _c1994 |
||
| 300 | _a101 h. | ||
| 502 | _aTesis (Ing. Agr. Esp. en Zootecnia) -- UACH. Departamento de Zootecnia | ||
| 590 |
_aALEPH _b10 _c20130110 _lUCH01 _h1233 |
||
| 590 |
_aBATCH-UPD _b10 _c20130110 _lUCH01 _h0122 |
||
| 590 |
_aBATCH-UPD _b10 _c20130110 _lUCH01 _h1229 |
||
| 590 |
_aBATCH-UPD _b10 _c20130409 _lUCH01 _h2116 |
||
| 590 |
_aBATCH-UPD _b10 _c20130410 _lUCH01 _h0800 |
||
| 590 |
_aBATCH-UPD _b10 _c20130914 _lUCH01 _h1051 |
||
| 590 |
_aCONVERSION _b10 _c20130109 _lUCH01 _h1309 |
||
| 650 | 1 | 4 |
_aGanado lechero _xEfecto del medio ambiente. _945258 |
| 650 | 1 | 4 |
_aGanado lechero _xGenética. _945267 |
| 650 | 1 | 4 |
_aGanado lechero _xProducción. _945288 |
| 700 | 0 |
_aOrtiz Calvillo, Jesús. _983943 |
|
| 901 | _aBK | ||
| 942 | _cTESIS | ||
| 949 |
_bBC _cTES _d-43631 _eTS1 _h30261 _i18762 _si |
||
| 999 |
_c13716 _d13716 |
||